000 00291nam a2200121Ia 4500
008 240731s9999 xx 000 0 und d
022 _a2092-9323
245 0 _aMycobiology
260 _bTaylor & Francis
856 _uhttps://www.tandfonline.com/loi/tmyb20
942 _2ddc
942 _cTFEJ
999 _c78632
_d78632
945 _a1
_bMadushi Gamage
_c1
_dMadushi Gamage